The phenomenology of mind (Record no. 9247)
[ view plain ]
| 000 -LEADER | |
|---|---|
| fixed length control field | 00634nam a22001577a 4500 |
| 005 - DATE AND TIME OF LATEST TRANSACTION | |
| control field | 20260420092623.0 |
| 008 - FIXED-LENGTH DATA ELEMENTS--GENERAL INFORMATION | |
| fixed length control field | 260420b |||||||| |||| 00| 0 eng d |
| 050 ## - LIBRARY OF CONGRESS CALL NUMBER | |
| Classification number | B2928 |
| Item number | .E5B3 |
| 100 ## - MAIN ENTRY--PERSONAL NAME | |
| Personal name | Baillie J.B, Lichtheim George |
| 245 ## - TITLE STATEMENT | |
| Title | The phenomenology of mind |
| Remainder of title | Translated with an introduction and notes |
| Statement of responsibility, etc. | Baillie J.B, Lichtheim George |
| 260 ## - PUBLICATION, DISTRIBUTION, ETC. | |
| Place of publication, distribution, etc. | New York |
| Name of publisher, distributor, etc. | Harper and Row publishers |
| Date of publication, distribution, etc. | C1967 |
| 300 ## - PHYSICAL DESCRIPTION | |
| Extent | xxxv,814p, |
| 500 ## - GENERAL NOTE | |
| General note | Includes index |
| 700 ## - ADDED ENTRY--PERSONAL NAME | |
| Personal name | Baillie J.B, Lichtheim George |
| Titles and other words associated with a name | Translated with an introduction and notes by Baillie J.B, Introduction to the torchbook edition by Lichtheim George |
| 942 ## - ADDED ENTRY ELEMENTS (KOHA) | |
| Source of classification or shelving scheme | Library of Congress Classification |
| Koha item type | Books |
| Suppress in OPAC | No |
| 999 ## - | |
| -- | 9247 |
| -- | 9247 |
| Withdrawn status | Lost status | Source of classification or shelving scheme | Damaged status | Not for loan | Collection | Home library | Current library | Shelving location | Date acquired | Total checkouts | Full call number | Barcode | Date last seen | Price effective from | Koha item type |
|---|---|---|---|---|---|---|---|---|---|---|---|---|---|---|---|
| Library of Congress Classification | Non-fiction | Main Library (Kumasi) | Law Library (Kumasi) | General stacks | 04/20/2026 | B2928.E5B3 BAI | bssk00000009 | 04/20/2026 | 04/20/2026 | Books |